000 01274namaa22003011i 4500
003 EG-GICUC
005 20260215113931.0
008 260215s1993 le ||||jr|||| 000 0 ara d
040 _aEG-GiCUC
_bara
_cEG-GiCUC
_dEG-GiCUC
_erda
082 0 4 _221
_a811.9
_bB1688
092 0 4 _221
_a811.9
_bB1688
099 _a811.9 B1688
100 1 _aباخرزي، علي بن الحسن
_d-1075.
_eمؤلف.
245 1 _aدمية القصر وعصرة أهل العصر /
_cتأليف على بن الحسن بن على بن أبى الطيب الباخرزى ؛ تحقيق ودراسة الدكتور محمد ألتونجى
250 _aالطبعة الاولى
264 _aبيروت (لبنان) :
_bدار الجيل،
_c1993
300 _a؛ 3 مجلدات
_c24 سم
_bإيضاحيات، صور، مثيليات ؛ Illustrations
336 _2rdacontent
_atext
337 _2rdamedia
_aUnmediated
338 _2rdacarrier
_avolume
504 _aيشتمل على ارجاعات ببليوجرافية
541 _aد. جابر عصفور ؛
_bالقاهرة ؛
_cإهداء ؛
_d2024.
650 1 7 _aالشعر العربى
_xتاريخ ونقد
_2qrmak
651 1 _2qrmak
700 1 _aألتونجى، محمد
_eمحقق.
905 _aHuda
942 _2ddc
_cBK
_e21
_n0
999 _c178471
_d178471